MARC

LEADER 00000nam0a2200000 4500
001 288314
005 20231102000057.0
020 |a RU  |b 85-82493 
035 |a (RuTPU)RU\TPU\book\312777 
090 |a 288314 
100 |a 20150324d1985 m y0rusy5003 ca 
101 0 |a rus 
102 |a KG 
105 |a a z 001zb 
200 1 |a Тургунбай Садыков : очерки о жизни и творчестве  |f Б. Д. Будайчиев, Л. А. Прыткова 
210 |a Фрунзе  |c Кыргызстан  |d 1985 
215 |a 186 с.  |c ил. 
320 |a Библиогр.: с. 175-185 
600 1 |a Садыков  |b Т.  |c киргизский скульптор-монументалист, народный художник СССР  |f 1935-  |g Тургунбай  |2 stltpush  |3 (RuTPU)RU\TPU\pers\36521  |9 19570 
606 1 |a Скульпторы  |2 stltpush  |3 (RuTPU)RU\TPU\subj\55078  |9 73150 
610 1 |a искусство 
610 1 |a Киргизия 
610 1 |a 20 век 
610 1 |a биографии 
610 1 |a творчество 
610 1 |a скульпторы 
675 |a 73.071(092)  |v 3 
700 1 |a Будайчиев  |b Б. Д.  |g Байышбек Дакибаевич 
701 1 |a Прыткова  |b Л. А.  |g Людмила Александровна 
801 0 |a RU  |b RuMRKP  |c 19950704  |g psbo 
801 1 |a RU  |b 63413507  |c 20150324 
801 2 |a RU  |b 63413507  |c 20171124  |g RCR 
942 |c BK